| 000 | 00577cam a2200145K 4500 | ||
|---|---|---|---|
| 082 |
_a355.009242 _bYAT _cD |
||
| 100 | 1 |
_aYate, A. C. _949340 |
|
| 245 | 1 | 0 |
_aLieutenant-Colonel John Haughton, commandant of the 36th Sikhs _ba hero of Tirah, a memoir, _cby Major A.C. Yate ... |
| 260 |
_aLondon, _bJ. Murray, _c1900. |
||
| 300 |
_a1 online resource (xvi, 238 p.) _bfront., illus., pl., port., fold. maps, fold. plan. |
||
| 526 |
_a0 _b0 _c0 _d355_009242000000000_YAT |
||
| 650 |
_aMCE _9379 |
||
| 856 | 4 | 0 | _uhttp://catalog.hathitrust.org/api/volumes/oclc/13211434.html |
| 942 |
_2ddc _cBK |
||
| 999 |
_c552122 _d552122 |
||